| 000 | 00717cam a22002292 4500 | ||
|---|---|---|---|
| 001 | 0000024887 | ||
| 005 | 20151217152306.0 | ||
| 008 | 140323s xx 000 0 eng d | ||
| 020 | _a0273779919 : | ||
| 040 |
_aKABU _cKABU |
||
| 100 | 1 |
_aBerk, Jonathan. _@0000181689 |
|
| 245 | 1 | 0 |
_aFundamentals of corporate finance / _cJonathan Berk, Peter DeMarzo, Jarrad Harford. |
| 250 | _a2nd Horizon ed. | ||
| 260 |
_aBoston : _bPrentice Hall, _c2013. |
||
| 300 | _a742 p. | ||
| 650 | 0 |
_aCorporations _xFinance. _@0000007704 |
|
| 700 | 1 |
_aDeMarzo, Peter. _@0000181690 |
|
| 700 | 1 |
_aHarford, Jarrad. _@0000185144 |
|
| 852 | 1 | _9p3950 KES | |
| 908 | _a140323 | ||
| 950 | _@1 | ||
| 999 |
_c10405 _d10405 |
||